000 00623nam a22001697a 4500
005 20251108165021.0
008 250721s1986 xx 000 0 ara d
082 1 4 _a926.294/سلط
100 1 _aحافظ، عادل
245 1 0 _aأمير الفضاء سلطان بن سلمان بين عالميه الحاضر و آفاق المستقبل /
264 1 _aالإسكندرية :
_bالمركز الدولي للنشر و الإعلام و الإنتاج الفني،
_c1986.
300 _a174ص
650 1 7 _aالتراجم
650 1 7 _aرحلات الفضاء المأهولة
942 _2ddc
_cBK
999 _c19981
_d19981